University Home | Library Home | Institutional Repository

Sexual impotence in the male / (Record no. 43392)

MARC details
000 -LEADER
fixed length control field 00776cam0a220026500 4500
001 - CONTROL NUMBER
control field qce01050838
005 - DATE AND TIME OF LATEST TRANSACTION
control field 20190813174056.0
008 - FIXED-LENGTH DATA ELEMENTS--GENERAL INFORMATION
fixed length control field 750829s1959 ilua b 000 0 eng
010 ## - LIBRARY OF CONGRESS CONTROL NUMBER
LC control number 59014213
035 ## - SYSTEM CONTROL NUMBER
System control number (Sirsi) r24242
035 ## - SYSTEM CONTROL NUMBER
System control number (QCAT)lss00970877
035 ## - SYSTEM CONTROL NUMBER
System control number (UPRA)qce01050838
040 ## - CATALOGING SOURCE
Modifying agency UPRA
050 0# - LIBRARY OF CONGRESS CALL NUMBER
Classification number RC889
Item number .W4
060 ## - NATIONAL LIBRARY OF MEDICINE CALL NUMBER
Classification number WJ 709 W498s
082 ## - DEWEY DECIMAL CLASSIFICATION NUMBER
Classification number 616.692
100 1# - MAIN ENTRY--PERSONAL NAME
Personal name Wershub, Leonard Paul.
Linkage A25737.1
245 10 - TITLE STATEMENT
Title Sexual impotence in the male /
Statement of responsibility, etc. with a foreword by Ralph E. Snyder.
260 ## - PUBLICATION, DISTRIBUTION, ETC.
Place of publication, distribution, etc. Springfield, IL :
Name of publisher, distributor, etc. Thomas,
Date of publication, distribution, etc. [1959]
504 ## - BIBLIOGRAPHY, ETC. NOTE
Bibliography, etc. note Includes bibliographical references.
650 #0 - SUBJECT ADDED ENTRY--TOPICAL TERM
Topical term or geographic name entry element Impotence.
Linkage S62306.1
650 #2 - SUBJECT ADDED ENTRY--TOPICAL TERM
Topical term or geographic name entry element Impotence
Linkage S62306.1
949 ## - LOCAL PROCESSING INFORMATION (OCLC)
a RC889
w LC
i -23803
m MEDICAL
t BOOK
l ON-SHELF
Holdings
Withdrawn status Lost status Source of classification or shelving scheme Damaged status Not for loan Home library Current library Shelving location Total Checkouts Full call number Barcode Date last seen Copy number Price effective from Koha item type
    Library of Congress Classification     Medical Library Medical Library On Shelf   RC889 -23803 08/13/2019 1 08/13/2019 Book
© 2026 - The University of Zambia Library - Koha v25.11